[Event "POL-chT 2nd League"]
[Site "Jastrzebia Gora"]
[Date "2023.09.09"]
[Round "8.51"]
[White "Cajbel, Maciej"]
[Black "Solnicki, Michal"]
[Result "1/2-1/2"]
[WhiteElo "2151"]
[BlackElo "2110"]
[PlyCount "40"]
[EventDate "2023.09.02"]
[EventType "team-swiss"]
[EventRounds "9"]
[EventCountry "POL"]
[SourceTitle "EXT 2024"]
[Source "ChessBase"]
[SourceDate "2023.10.10"]
[SourceVersion "1"]
[SourceVersionDate "2023.10.10"]
[SourceQuality "1"]
[WhiteTeam "Wisznia Mala Bialy Krol"]
[BlackTeam "Warszawa Mogalo"]
[WhiteTeamCountry "POL"]
[BlackTeamCountry "POL"]

1. b3 d5 2. Bb2 Nf6 3. e3 Bf5 4. f4 e6 5. Nf3 Bd6 6. c4 Nbd7 7. cxd5 exd5 8. Be2 Nc5 9. 0-0 Qe7 10. Nc3 c6 11. Nd4 Bd7 12. Qc2 g6 13. b4 Ne6 14. Nxe6 fxe6 15. b5 0-0 16. bxc6 bxc6 17. Na4 c5 18. Rac1 Rac8 19. Bf3 Rc7 20. Be5 Bxa4 1/2-1/2

[Event "POL-chT 2nd League"]
[Site "Jastrzebia Gora"]
[Date "2022.09.05"]
[Round "3.8"]
[White "Cajbel, Maciej"]
[Black "Malyovanyi, Yulian"]
[Result "0-1"]
[WhiteElo "2196"]
[BlackElo "2310"]
[PlyCount "88"]
[EventDate "2022.09.03"]
[EventType "team-swiss"]
[EventRounds "9"]
[EventCountry "POL"]
[SourceTitle "CBM 210 Extra"]
[Source "ChessBase"]
[SourceDate "2022.11.30"]
[SourceVersion "1"]
[SourceVersionDate "2022.11.30"]
[SourceQuality "1"]
[WhiteTeam "Debica Gryf"]
[BlackTeam "Ostrow Wielkopolski"]
[WhiteTeamCountry "POL"]
[BlackTeamCountry "POL"]

1. c4 g6 2. g3 Bg7 3. Bg2 d6 4. Nc3 Nf6 5. b3 0-0 6. Bb2 e5 7. d3 c6 8. Nf3 d5 9. 0-0 Re8 10. cxd5 cxd5 11. e4 d4 12. Na4 Nc6 13. Qd2 Qd6 14. Rac1 b6 15. Ba3 Qxa3 16. Rxc6 Bd7 17. Rc7 Qd6 18. Rc2 Bf8 19. Nb2 b5 20. Rfc1 h6 21. Qa5 Qa3 22. Qxa3 Bxa3 23. Nd2 Rec8 24. Rxc8+ Bxc8 25. Rc2 Be6 26. Nd1 Bb4 27. f4 Bxd2 28. Rxd2 Rc8 29. fxe5 Nd7 30. Kf2 Nxe5 31. h3 Rc1 32. Ke2 Kf8 33. Kf2 Ke7 34. g4 Kd6 35. Kg3 g5 36. Nf2 Kc5 37. h4 Kb4 38. hxg5 hxg5 39. Bf3 Rg1+ 40. Bg2 Rc1 41. Bf3 Kc3 42. Re2 Nxd3 43. Nh3 Ne5 44. Nxg5 d3 0-1

[Event "POL-chT 2nd League"]
[Site "Jastrzebia Gora"]
[Date "2019.09.11"]
[Round "5.7"]
[White "Jankowiak, Tomasz"]
[Black "Cajbel, Maciej"]
[Result "1-0"]
[WhiteElo "2075"]
[BlackElo "2199"]
[PlyCount "121"]
[EventDate "2019.09.07"]
[EventType "team-swiss"]
[EventRounds "9"]
[EventCountry "POL"]
[SourceTitle "EXT 2020"]
[Source "ChessBase"]
[SourceDate "2019.10.17"]
[SourceVersion "1"]
[SourceVersionDate "2019.10.17"]
[SourceQuality "1"]
[WhiteTeam "Bogatynia UKS SP3"]
[BlackTeam "Debica Gryf"]
[WhiteTeamCountry "POL"]
[BlackTeamCountry "POL"]

1. e4 c5 2. Nf3 Nc6 3. d4 cxd4 4. Nxd4 g6 5. c4 Bg7 6. Be3 Nf6 7. Nc3 0-0 8. Be2 d6 9. f3 Nxd4 10. Bxd4 Be6 11. Qd2 Qa5 12. Rd1 Rfc8 13. Nd5 Qxd2+ 14. Rxd2 Nxd5 15. exd5 Bd7 16. Bxg7 Kxg7 17. Rd4 Rab8 18. Kd2 b5 19. b3 bxc4 20. Bxc4 Bb5 21. Bxb5 Rxb5 22. Rc1 Rxc1 23. Kxc1 Kf6 24. f4 e5 25. dxe6 Kxe6 26. Kd2 d5 27. b4 Rb7 28. Kc3 Kd6 29. Kb3 Re7 30. Rd2 Re4 31. g3 h5 32. Rc2 h4 33. b5 Re3+ 34. Kb4 Re4+ 35. Kb3 Re3+ 36. Kb4 Re4+ 37. Ka5 d4 38. Rc8 Re2 39. a4 Kd5 40. Ka6 Re7 41. a5 hxg3 42. hxg3 d3 43. b6 axb6 44. axb6 Ke4 45. Rd8 Ke3 46. b7 Rxb7 47. Kxb7 d2 48. Kc6 Ke2 49. g4 d1Q 50. Rxd1 Kxd1 51. f5 Ke2 52. f6 Kf3 53. Kd6 Kxg4 54. Ke7 g5 55. Kxf7 Kh3 56. Ke6 g4 57. f7 g3 58. f8Q g2 59. Qf2 Kh2 60. Qh4+ Kg1 61. Ke5 1-0

[Event "Warsaw Najdorf Memorial op-A 14th"]
[Site "Warsaw"]
[Date "2016.07.13"]
[Round "6"]
[White "Cajbel, Maciej"]
[Black "Reza, Wojciech"]
[Result "0-1"]
[WhiteElo "2208"]
[BlackElo "2266"]
[PlyCount "134"]
[EventDate "2016.07.08"]
[EventType "swiss"]
[EventRounds "9"]
[EventCountry "POL"]
[SourceTitle "CBM 173 Extra"]
[Source "ChessBase"]
[SourceDate "2016.08.29"]
[SourceVersion "1"]
[SourceVersionDate "2016.08.29"]
[SourceQuality "1"]

1. Nf3 g6 2. e4 Bg7 3. d4 d6 4. Nc3 Nf6 5. Be2 c6 6. a4 a5 7. h3 Na6 8. 0-0 0-0 9. Be3 Nb4 10. Qd2 d5 11. e5 Ne8 12. Bh6 f6 13. Bxg7 Nxg7 14. Na2 Nxa2 15. Rxa2 Bf5 16. exf6 exf6 17. Nh4 Qb6 18. c3 Rae8 19. Raa1 Be4 20. Rfe1 Rf7 21. f3 Bf5 22. Nxf5 Nxf5 23. Bd3 Ng7 24. Rxe8+ Nxe8 25. Re1 Qd8 26. Qe3 Ng7 27. f4 Rf8 28. Qd2 Re8 29. Rxe8+ Nxe8 30. f5 g5 31. h4 gxh4 32. Qe1 Nd6 33. Qxh4 Nf7 34. Qg3+ Kf8 35. Qh4 Ng5 36. Qf4 Ke7 37. c4 dxc4 38. Bxc4 Qd6 39. Qe3+ Kd8 40. b3 h5 41. Kf1 h4 42. Qf2 h3 43. gxh3 Nxh3 44. Qe3 Ng5 45. Kg2 Kc8 46. Qe8+ Kc7 47. Qe3 Kd8 48. Kg1 Qd7 49. Qd3 Kc7 50. Kf1 Qd6 51. Qd2 Kb8 52. Qe3 Kc8 53. Ke2 Kc7 54. Kf1 Qd7 55. Qf4+ Kb6 56. Ke2 Qe7+ 57. Kd3 Qe1 58. Qe3 Qb1+ 59. Kd2 Qxf5 60. d5+ c5 61. Qe7 Ne4+ 62. Kc1 Qg5+ 63. Kb1 Qg1+ 64. Ka2 Qf2+ 65. Ka3 Qe1 66. Qd8+ Ka7 67. Ka2 Qd2+ 0-1

[Event "Warsaw Najdorf Memorial op-A 14th"]
[Site "Warsaw"]
[Date "2016.07.12"]
[Round "5"]
[White "Skawinski, Arkadiusz"]
[Black "Cajbel, Maciej"]
[Result "1-0"]
[WhiteElo "2355"]
[BlackElo "2208"]
[PlyCount "163"]
[EventDate "2016.07.08"]
[EventType "swiss"]
[EventRounds "9"]
[EventCountry "POL"]
[SourceTitle "CBM 173 Extra"]
[Source "ChessBase"]
[SourceDate "2016.08.29"]
[SourceVersion "1"]
[SourceVersionDate "2016.08.29"]
[SourceQuality "1"]

1. e4 c5 2. Nf3 e6 3. b3 a6 4. Bb2 Nc6 5. c4 d6 6. d4 cxd4 7. Nxd4 Qb6 8. g3 Nf6 9. Bg2 Be7 10. 0-0 Bd7 11. Nc2 0-0 12. Nc3 Rac8 13. Kh1 Rfd8 14. Qe2 Ne5 15. Rab1 Bc6 16. f4 Ned7 17. Rbd1 Qa5 18. b4 Qb6 19. Ba3 Nf8 20. Nd4 Be8 21. Rfe1 a5 22. bxa5 Qxa5 23. Ndb5 N6d7 24. e5 Nb6 25. Bxd6 Bxd6 26. Rxd6 Rxd6 27. Nxd6 Qxc3 28. Nxc8 Nxc8 29. Bxb7 Nb6 30. Qe3 Qxe3 31. Rxe3 Nxc4 32. Rc3 Na5 33. Be4 Nd7 34. Rc8 Kf8 35. Ra8 Nc4 36. a4 Ke7 37. a5 Nc5 38. Rc8 Nxe4 39. Rxc4 Bb5 40. Rc7+ Ke8 41. Kg1 g6 42. Rc8+ Kd7 43. Rf8 Ke7 44. Rb8 Bd3 45. Rb3 Bc4 46. Rb4 Bd5 47. a6 Nc5 48. a7 Na6 49. Rb8 Nc7 50. g4 h6 51. Kf2 Bc6 52. h4 Be4 53. h5 gxh5 54. gxh5 Ne8 55. a8Q Bxa8 56. Rxa8 Ng7 57. Rh8 Nxh5 58. Kf3 Ng7 59. Rxh6 Nf5 60. Rh8 Nd4+ 61. Kg4 Ne2 62. Ra8 Nc3 63. Kg5 Nd5 64. Ra7+ Kf8 65. Ra5 Ne3 66. Kh6 Ng2 67. Kg5 Ne3 68. Kh6 Ng2 69. Ra4 Ne3 70. Ra8+ Ke7 71. Kg7 Nf5+ 72. Kg8 Nh6+ 73. Kh7 Nf5 74. Rb8 Ne3 75. Kg8 f5 76. Rb7+ Ke8 77. Ra7 Nd5 78. Kg7 Nxf4 79. Kf6 Kd8 80. Ra4 Ne2 81. Kxe6 f4 82. Kd6 1-0

[Event "Warsaw Najdorf Memorial op-A 14th"]
[Site "Warsaw"]
[Date "2016.07.10"]
[Round "3"]
[White "Thorarinsson, Pall A"]
[Black "Cajbel, Maciej"]
[Result "1/2-1/2"]
[WhiteElo "2274"]
[BlackElo "2208"]
[PlyCount "77"]
[EventDate "2016.07.08"]
[EventType "swiss"]
[EventRounds "9"]
[EventCountry "POL"]
[SourceTitle "CBM 173 Extra"]
[Source "ChessBase"]
[SourceDate "2016.08.29"]
[SourceVersion "1"]
[SourceVersionDate "2016.08.29"]
[SourceQuality "1"]

1. e4 c5 2. Nf3 g6 3. d4 Bg7 4. d5 d6 5. c4 Nf6 6. Bd3 0-0 7. h3 e6 8. 0-0 exd5 9. exd5 Na6 10. Nc3 Nc7 11. a4 Rb8 12. Bg5 h6 13. Be3 b6 14. Qd2 Kh7 15. g4 Ng8 16. Nh2 f5 17. Ne2 a6 18. Ra2 b5 19. axb5 axb5 20. b3 bxc4 21. bxc4 Na6 22. gxf5 gxf5 23. Bb1 Qe8 24. Nf4 Nf6 25. Rxa6 Rxb1 26. Rxb1 Bxa6 27. Qc2 Ne4 28. Rb6 Bc8 29. Nf1 Rg8 30. Kh2 Be5 31. Ng3 Nxg3 32. fxg3 Qd8 33. Rb8 Qg5 34. Qf2 Qg7 35. Qe1 Ba6 36. Rb1 Rd8 37. Nd3 Bxg3+ 38. Qxg3 Qxg3+ 39. Kxg3 1/2-1/2

[Event "Warsaw YMCA Spring 155th"]
[Site "Warsaw"]
[Date "2015.05.14"]
[Round "6"]
[White "Cajbel, Maciej"]
[Black "Szymczak, Rafal"]
[Result "1-0"]
[WhiteElo "2218"]
[BlackElo "2069"]
[PlyCount "67"]
[EventDate "2015.04.10"]
[EventType "tourn"]
[EventRounds "13"]
[EventCountry "POL"]
[SourceTitle "EXT 2017"]
[Source "ChessBase"]
[SourceDate "2016.10.25"]
[SourceVersion "1"]
[SourceVersionDate "2016.10.25"]
[SourceQuality "1"]

1. e4 d5 2. Nc3 dxe4 3. Nxe4 Bf5 4. Ng3 Bg6 5. Nf3 Nd7 6. Bc4 e6 7. 0-0 Ngf6 8. Re1 Be7 9. d4 c6 10. Nh4 Nd5 11. Nxg6 hxg6 12. Qf3 N7f6 13. c3 Qc7 14. b4 0-0-0 15. a4 Bd6 16. a5 Rh7 17. h3 Rdh8 18. Bf1 a6 19. Rb1 Kb8 20. c4 Nxb4 21. c5 Bxg3 22. fxg3 Nbd5 23. Bxa6 Qxa5 24. Bf4+ Kc8 25. Bxb7+ Kd7 26. Qb3 Qb5 27. Qa2 Nc3 28. Rxb5 Nxa2 29. Rb6 Ne8 30. Bxc6+ Ke7 31. Rb2 Nc3 32. Rc2 g5 33. Bxg5+ f6 34. Bd2 1-0

[Event "Warsaw YMCA Spring 155th"]
[Site "Warsaw"]
[Date "2015.05.13"]
[Round "4"]
[White "Cajbel, Maciej"]
[Black "Goslawski, Michal"]
[Result "1-0"]
[WhiteElo "2218"]
[BlackElo "2124"]
[PlyCount "75"]
[EventDate "2015.04.10"]
[EventType "tourn"]
[EventRounds "13"]
[EventCountry "POL"]
[SourceTitle "EXT 2017"]
[Source "ChessBase"]
[SourceDate "2016.10.25"]
[SourceVersion "1"]
[SourceVersionDate "2016.10.25"]
[SourceQuality "1"]

1. Nc3 Nf6 2. e4 e5 3. Nf3 Nc6 4. a3 d5 5. Bb5 Nxe4 6. Qe2 Nxc3 7. Qxe5+ Be7 8. Qxc3 0-0 9. Bxc6 bxc6 10. Qxc6 Rb8 11. 0-0 d4 12. Qe4 c5 13. d3 Rb6 14. Re1 Re6 15. Qf4 Bd6 16. Qg5 Rxe1+ 17. Nxe1 Qc7 18. h3 Re8 19. Kf1 Bb7 20. f4 Re6 21. f5 Rf6 22. Nf3 Bxf3 23. gxf3 Qc6 24. Qg4 g6 25. Qe4 Qc8 26. Bh6 Bf8 27. Bxf8 Kxf8 28. Re1 Rxf5 29. Ke2 Qb8 30. Kd1 Qxb2 31. Qa8+ Kg7 32. Qxa7 Qa1+ 33. Kd2 Qc3+ 34. Kd1 Qa1+ 35. Kd2 Qc3+ 36. Kd1 Rxf3 37. Qe7 Qa1+ 38. Ke2 1-0

[Event "Warsaw Najdorf Memorial op-A 12th"]
[Site "Warsaw"]
[Date "2014.07.16"]
[Round "4"]
[White "Przybylski, Wojciech"]
[Black "Cajbel, Maciej"]
[Result "1-0"]
[WhiteElo "2313"]
[BlackElo "2206"]
[PlyCount "85"]
[EventDate "2014.07.14"]
[EventType "swiss"]
[EventRounds "9"]
[EventCountry "POL"]
[SourceTitle "CBM 161 Extra"]
[Source "ChessBase"]
[SourceDate "2014.08.29"]
[SourceVersion "1"]
[SourceVersionDate "2014.08.29"]
[SourceQuality "1"]

1. e4 c5 2. b3 Nc6 3. Bb2 e5 4. Nf3 d6 5. Bb5 Bd7 6. 0-0 Nf6 7. Re1 Be7 8. c3 0-0 9. d4 cxd4 10. cxd4 exd4 11. Nbd2 Ng4 12. Bxc6 bxc6 13. Bxd4 f6 14. Nc4 Ne5 15. Ne3 Qe8 16. Nh4 Bd8 17. Bc3 Bc7 18. Nhf5 Rd8 19. Nxd6 Bxd6 20. Qxd6 Bf5 21. Qc5 Bxe4 22. Bxe5 fxe5 23. Rad1 Rxd1 24. Rxd1 Qf7 25. Rd2 Re8 26. f3 Bg6 27. Qxc6 e4 28. Rd7 Qf8 29. Qc3 exf3 30. gxf3 Kh8 31. Rxa7 Rc8 32. Rc7 Rd8 33. a4 h6 34. a5 Kh7 35. b4 Rd3 36. Qe5 Rb3 37. b5 Bd3 38. Rb7 Rb1+ 39. Kf2 Qg8 40. Nd5 Rf1+ 41. Kg2 Qf8 42. Nf6+ Kg6 43. Qh5+ 1-0

[Event "Warsaw Najdorf Memorial op-A 12th"]
[Site "Warsaw"]
[Date "2014.07.15"]
[Round "2"]
[White "Cabezas Ayala, Ivan"]
[Black "Cajbel, Maciej"]
[Result "1/2-1/2"]
[WhiteElo "2333"]
[BlackElo "2206"]
[PlyCount "81"]
[EventDate "2014.07.14"]
[EventType "swiss"]
[EventRounds "9"]
[EventCountry "POL"]
[SourceTitle "CBM 161 Extra"]
[Source "ChessBase"]
[SourceDate "2014.08.29"]
[SourceVersion "1"]
[SourceVersionDate "2014.08.29"]
[SourceQuality "1"]

1. e4 c5 2. Nf3 Nc6 3. Nc3 g6 4. d4 cxd4 5. Nxd4 Bg7 6. Be3 Nf6 7. Bc4 0-0 8. Bb3 Qa5 9. 0-0 d6 10. h3 Bd7 11. Re1 Rac8 12. Qe2 Nh5 13. Rad1 Nxd4 14. Bxd4 Bxd4 15. Rxd4 Qg5 16. Qf3 Bc6 17. Red1 Kg7 18. Nd5 f5 19. exf5 Rxf5 20. Qg4 Bxd5 21. Qxg5 Rxg5 22. Rxd5 Rxd5 23. Rxd5 Nf6 24. Rd4 d5 25. f4 e6 26. g3 Ne4 27. Kg2 Nc5 28. c3 Nxb3 29. axb3 b5 30. b4 Rc6 31. Kf3 Kf6 32. Ke3 h5 33. Rd1 Rc4 34. Ra1 d4+ 35. cxd4 Rxb4 36. Rxa7 Rb3+ 37. Ke4 Rxg3 38. Ra6 Kf7 39. Ra7+ Kf6 40. Ra6 Kf7 41. Ra7+ 1/2-1/2

[Event "Warsaw Najdorf Memorial op-A 12th"]
[Site "Warsaw"]
[Date "2014.07.15"]
[Round "3"]
[White "Cajbel, Maciej"]
[Black "Bartel, Michal"]
[Result "1/2-1/2"]
[WhiteElo "2206"]
[BlackElo "2296"]
[PlyCount "28"]
[EventDate "2014.07.14"]
[EventType "swiss"]
[EventRounds "9"]
[EventCountry "POL"]
[SourceTitle "CBM 161 Extra"]
[Source "ChessBase"]
[SourceDate "2014.08.29"]
[SourceVersion "1"]
[SourceVersionDate "2014.08.29"]
[SourceQuality "1"]

1. Nc3 d5 2. e4 dxe4 3. Nxe4 Nf6 4. Qe2 Nxe4 5. Qxe4 Nd7 6. Nf3 Nf6 7. Qe2 b6 8. g3 Bb7 9. Bg2 e6 10. 0-0 Bd6 11. d4 0-0 12. b3 Qe7 13. Bb2 Rfd8 14. Rfe1 Rac8 1/2-1/2

[Event "Warsaw YMCA 133rd"]
[Site "Warsaw"]
[Date "2014.02.24"]
[Round "8"]
[White "Cajbel, Maciej"]
[Black "Warszawski, Bartosz"]
[Result "1/2-1/2"]
[WhiteElo "2205"]
[BlackElo "2232"]
[PlyCount "61"]
[EventDate "2014.01.10"]
[EventType "tourn"]
[EventRounds "11"]
[EventCountry "POL"]
[EventCategory "2"]
[SourceTitle "EXT 2015"]
[Source "ChessBase"]
[SourceDate "2014.11.20"]
[SourceVersion "1"]
[SourceVersionDate "2014.11.20"]
[SourceQuality "1"]

1. e4 c5 2. Nc3 Nc6 3. Bb5 Nd4 4. Bc4 g6 5. Nf3 Bg7 6. Nxd4 cxd4 7. Qf3 Nf6 8. Nb5 0-0 9. Nxd4 d5 10. exd5 e5 11. Nb5 a6 12. Nc3 e4 13. Qe2 b5 14. Bb3 b4 15. Na4 Bd7 16. c3 Qc7 17. h3 Bxa4 18. Bxa4 Nxd5 19. 0-0 Nb6 20. Bb3 Rfe8 21. f3 e3 22. dxe3 bxc3 23. bxc3 a5 24. Rb1 a4 25. Bc2 Nd5 26. Bd2 Nxc3 27. Bxc3 Qxc3 28. Be4 Rad8 29. Rfc1 Qa3 30. Rc7 Be5 31. Rc2 1/2-1/2

[Event "Warsaw YMCA 133rd"]
[Site "Warsaw"]
[Date "2014.02.14"]
[Round "6"]
[White "Cajbel, Maciej"]
[Black "Janczarski, Michal"]
[Result "0-1"]
[WhiteElo "2205"]
[BlackElo "2391"]
[PlyCount "64"]
[EventDate "2014.01.10"]
[EventType "tourn"]
[EventRounds "11"]
[EventCountry "POL"]
[EventCategory "2"]
[SourceTitle "EXT 2015"]
[Source "ChessBase"]
[SourceDate "2014.11.20"]
[SourceVersion "1"]
[SourceVersionDate "2014.11.20"]
[SourceQuality "1"]

1. e4 c5 2. Nf3 d6 3. Bb5+ Nd7 4. d4 cxd4 5. Qxd4 Ngf6 6. Nc3 a6 7. Bxd7+ Bxd7 8. Bg5 e6 9. 0-0-0 Be7 10. Rhe1 Qc7 11. Kb1 0-0 12. Bxf6 gxf6 13. e5 fxe5 14. Nxe5 Bc6 15. Ng4 e5 16. Qd3 Kh8 17. Nh6 Qd7 18. Nf5 Rad8 19. g4 Rfe8 20. f4 Bf8 21. Re3 f6 22. Rh3 d5 23. Qg3 d4 24. Ne2 Qf7 25. Qh4 Bg2 26. Rg3 Be4 27. Rh3 Rc8 28. Rdd3 Rc6 29. Neg3 Bxd3 30. cxd3 Rec8 31. Ne2 Rc2 32. Qe1 Ba3 0-1

[Event "Warsaw YMCA 133rd"]
[Site "Warsaw"]
[Date "2014.01.20"]
[Round "3"]
[White "Cajbel, Maciej"]
[Black "Rudnicki, Milosz"]
[Result "1-0"]
[WhiteElo "2205"]
[BlackElo "2225"]
[PlyCount "65"]
[EventDate "2014.01.10"]
[EventType "tourn"]
[EventRounds "11"]
[EventCountry "POL"]
[EventCategory "2"]
[SourceTitle "EXT 2015"]
[Source "ChessBase"]
[SourceDate "2014.11.20"]
[SourceVersion "1"]
[SourceVersionDate "2014.11.20"]
[SourceQuality "1"]

1. e4 c5 2. Nc3 Nc6 3. Bb5 Nd4 4. Bc4 d6 5. Nge2 Be6 6. Bxe6 Nxe6 7. 0-0 Nf6 8. d4 cxd4 9. Nxd4 Qc8 10. Re1 Nxd4 11. Qxd4 Qc6 12. Bg5 Nd7 13. Nd5 h6 14. Bh4 Nb6 15. c4 Rc8 16. b3 Qc5 17. Qb2 Rg8 18. Rad1 g5 19. Bg3 Rg6 20. e5 dxe5 21. Qxe5 Nxd5 22. cxd5 Bg7 23. Qe4 Rd8 24. Rc1 Qa3 25. Rc7 Bf6 26. d6 e6 27. Qxb7 Rg7 28. Rc8 Qa5 29. Rd1 e5 30. Qc6+ Kf8 31. Rxd8+ Qxd8 32. Qc7 Rg6 33. Bxe5 1-0

[Event "Warsaw Najdorf Memorial op-A 11th"]
[Site "Warsaw"]
[Date "2013.08.11"]
[Round "7"]
[White "Malisauskas, Vidmantas"]
[Black "Cajbel, Maciej"]
[Result "1-0"]
[WhiteElo "2455"]
[BlackElo "2201"]
[PlyCount "115"]
[EventDate "2013.08.05"]
[EventType "swiss"]
[EventRounds "9"]
[EventCountry "POL"]
[SourceTitle "CBM 155 Extra"]
[Source "ChessBase"]
[SourceDate "2013.08.26"]
[SourceVersion "1"]
[SourceVersionDate "2013.08.26"]
[SourceQuality "1"]

1. d4 Nf6 2. c4 c5 3. d5 e6 4. Nc3 exd5 5. cxd5 d6 6. e4 g6 7. Be2 Bg7 8. Nf3 0-0 9. 0-0 Re8 10. Nd2 Nbd7 11. Re1 a6 12. a4 Qc7 13. h3 Rb8 14. a5 b5 15. axb6 Nxb6 16. Bf1 Bb7 17. Nf3 Nfd7 18. Bf4 c4 19. Qc2 Nc5 20. Nd2 Ncd7 21. Be3 Rbc8 22. Ra2 Qd8 23. Na4 Nxa4 24. Rxa4 c3 25. bxc3 Rxc3 26. Qb1 Qc7 27. Bxa6 Bxa6 28. Rxa6 Rb8 29. Qa2 Rc2 30. Qa4 Ne5 31. Ra8 Rcb2 32. Nf3 Nxf3+ 33. gxf3 Qd8 34. Rxb8 Rxb8 35. Rc1 Qf6 36. Qd7 Bf8 37. Rc8 Rxc8 38. Qxc8 Kg7 39. Qc1 Kg8 40. Kg2 h5 41. Qc8 Kg7 42. f4 Be7 43. Qe8 Bf8 44. e5 Qf5 45. Kh2 dxe5 46. Qxe5+ Kg8 47. Bd4 f6 48. Qxf6 Qxf6 49. Bxf6 Kf7 50. Be5 Bc5 51. Kg2 Ke7 52. Kf3 Kd7 53. Ke2 Ke7 54. f3 Kd7 55. Kd3 Bb6 56. Ke4 Ke7 57. f5 g5 58. f6+ 1-0

[Event "Warsaw Najdorf Memorial op-A 11th"]
[Site "Warsaw"]
[Date "2013.08.10"]
[Round "6"]
[White "Cajbel, Maciej"]
[Black "Stachowiak, Kamil"]
[Result "1/2-1/2"]
[WhiteElo "2201"]
[BlackElo "2470"]
[PlyCount "38"]
[EventDate "2013.08.05"]
[EventType "swiss"]
[EventRounds "9"]
[EventCountry "POL"]
[SourceTitle "CBM 155 Extra"]
[Source "ChessBase"]
[SourceDate "2013.08.26"]
[SourceVersion "1"]
[SourceVersionDate "2013.08.26"]
[SourceQuality "1"]

1. e4 c5 2. Nf3 Nc6 3. d4 cxd4 4. Nxd4 e6 5. Nc3 Qc7 6. g3 a6 7. Bg2 d6 8. 0-0 Bd7 9. Nxc6 Bxc6 10. a4 Be7 11. Be3 Nf6 12. a5 0-0 13. Re1 Nd7 14. Na4 Rac8 15. Nb6 Nxb6 16. Bxb6 Qd7 17. c4 Bd8 18. Bxd8 Rfxd8 19. Qd3 Qc7 1/2-1/2